[Event "BAN-chT 1st League"]
[Site "Dhaka"]
[Date "2021.03.05"]
[Round "9.1"]
[White "Anata, Choudhury"]
[Black "Ratan, Kumar Paul"]
[Result "1-0"]
[WhiteElo "2167"]
[BlackElo "1719"]
[PlyCount "123"]
[EventDate "2021.02.25"]
[EventType "team-tourn"]
[EventRounds "11"]
[EventCountry "BAN"]
[SourceTitle "EXT 2022"]
[Source "ChessBase"]
[SourceDate "2021.10.06"]
[SourceVersion "1"]
[SourceVersionDate "2021.10.06"]
[SourceQuality "1"]
[WhiteTeam "Manha's Castle"]
[BlackTeam "Morning Glory"]
[WhiteTeamCountry "BAN"]
[BlackTeamCountry "BAN"]

1. e4 e5 2. Nf3 Nc6 3. Bb5 d6 4. d4 exd4 5. Nxd4 Bd7 6. Nc3 Nf6 7. Bxc6 Bxc6 8. Qd3 Qd7 9. Bg5 Be7 10. Nf5 0-0-0 11. 0-0-0 h6 12. Bh4 g6 13. Nxe7+ Qxe7 14. f4 Rhg8 15. Nd5 Bxd5 16. exd5 g5 17. Rhe1 Qd7 18. fxg5 hxg5 19. Bf2 b6 20. Qa6+ Kb8 21. Re3 Qc8 22. Qxc8+ Kxc8 23. Rf3 Ng4 24. Rxf7 Rdf8 25. Rxf8+ Rxf8 26. Bg1 Rf5 27. c4 Kd7 28. b3 Nf2 29. Bxf2 Rxf2 30. Rd2 Rf1+ 31. Kc2 Rh1 32. h3 Rf1 33. Re2 Rf4 34. Kd3 a5 35. Ke3 Ke7 36. Rf2 Rxf2 37. Kxf2 Kf6 38. Ke3 Ke5 39. g3 b5 40. h4 gxh4 41. gxh4 b4 42. Kf3 Kd4 43. h5 Kc3 44. h6 Kb2 45. h7 Kxa2 46. h8Q Kxb3 47. Qa1 a4 48. Ke4 a3 49. Kd3 a2 50. Kd2 Ka3 51. Kc2 b3+ 52. Kc3 Ka4 53. Qb2 Ka5 54. Qa3+ Kb6 55. Qxb3+ Ka7 56. Qxa2+ Kb7 57. Kb4 c6 58. dxc6+ Kxc6 59. Qg2+ Kb6 60. Qd5 Kc7 61. Kb5 Kd7 62. Qf7+ 1-0

[Event "BAN-chT 1st League"]
[Site "Dhaka"]
[Date "2021.02.27"]
[Round "3.1"]
[White "Ratan, Kumar Paul"]
[Black "Sacchu, Afzal Hossain"]
[Result "0-1"]
[WhiteElo "1719"]
[BlackElo "1993"]
[PlyCount "86"]
[EventDate "2021.02.25"]
[EventType "team-tourn"]
[EventRounds "11"]
[EventCountry "BAN"]
[SourceTitle "EXT 2022"]
[Source "ChessBase"]
[SourceDate "2021.10.06"]
[SourceVersion "1"]
[SourceVersionDate "2021.10.06"]
[SourceQuality "1"]
[WhiteTeam "Morning Glory"]
[BlackTeam "Dhaka CC"]
[WhiteTeamCountry "BAN"]
[BlackTeamCountry "BAN"]

1. e4 c5 2. Nf3 d6 3. Bb5+ Bd7 4. Qe2 a6 5. Bxd7+ Nxd7 6. c3 e5 7. 0-0 Be7 8. Rd1 Ngf6 9. d4 Qc7 10. h3 0-0 11. Bg5 Rfe8 12. d5 b5 13. Nbd2 Nb6 14. Nh4 Nfxd5 15. Bxe7 Nxe7 16. c4 Nxc4 17. Nxc4 bxc4 18. Qxc4 Red8 19. Rd3 Rab8 20. Rad1 a5 21. Qc3 g6 22. Qd2 Rb4 23. Nf3 Rxe4 24. Rxd6 Rxd6 25. Qxd6 Qxd6 26. Rxd6 Re2 27. Rd2 Re4 28. Rc2 c4 29. Nd2 Re1+ 30. Nf1 Rb1 31. f3 Nd5 32. Kf2 Rxf1+ 33. Kxf1 Ne3+ 34. Ke2 Nxc2 35. Kd2 Nb4 36. a3 Nd5 37. g3 f5 38. Kc2 e4 39. fxe4 fxe4 40. b4 c3 41. Kb3 e3 42. Kc2 Kf7 43. Kd3 Ke6 0-1

[Event "Asia zt 3.2"]
[Site "Dhaka"]
[Date "2019.03.23"]
[Round "9"]
[White "Ratan, Kumar Paul"]
[Black "Mortuza Muhtadi, Islam"]
[Result "1-0"]
[WhiteElo "1742"]
[BlackElo "1285"]
[PlyCount "89"]
[EventDate "2019.03.15"]
[EventType "swiss"]
[EventRounds "9"]
[EventCountry "BAN"]
[SourceTitle "CBM 189 Extra"]
[Source "ChessBase"]
[SourceDate "2019.06.03"]
[SourceVersion "1"]
[SourceVersionDate "2019.06.03"]
[SourceQuality "1"]

1. e4 d5 2. exd5 Qxd5 3. Nc3 Qd8 4. g3 Nf6 5. Bg2 e6 6. d3 c6 7. Nf3 Bd6 8. Qe2 Qc7 9. 0-0 Nbd7 10. b3 Nb6 11. Bb2 Bd7 12. Ne4 Nxe4 13. Qxe4 f5 14. Qh4 Be7 15. Qh5+ g6 16. Qh3 0-0-0 17. Be5 Bd6 18. Bxh8 Rxh8 19. Qh6 Be5 20. Nxe5 Qxe5 21. Qd2 Qf6 22. Rfe1 h5 23. Qa5 Kc7 24. Qe5+ Qxe5 25. Rxe5 Nd5 26. c4 Nb4 27. Bf1 Rd8 28. a3 Nc2 29. Rb1 Nxa3 30. Rb2 b5 31. Re1 b4 32. Re5 Bc8 33. f4 Kb6 34. Kg2 a6 35. Kh3 c5 36. Kh4 Kc6 37. Kg5 Rh8 38. Kxg6 h4 39. Kg7 Rd8 40. gxh4 Rd7+ 41. Kg6 Rd4 42. Kg5 Rd8 43. h5 Rg8+ 44. Kf6 Rh8 45. Be2 1-0

[Event "BAN-chT2"]
[Site "Dhaka"]
[Date "2017.10.28"]
[Round "7.4"]
[White "Ratan, Kumar Paul"]
[Black "Md, Nasim Hossain Bhuiy"]
[Result "0-1"]
[WhiteElo "1827"]
[BlackElo "1944"]
[PlyCount "89"]
[EventDate "2017.10.22"]
[EventType "team-swiss"]
[EventRounds "7"]
[EventCountry "BAN"]
[SourceTitle "CBM 181 Extra"]
[Source "ChessBase"]
[SourceDate "2017.12.12"]
[SourceVersion "1"]
[SourceVersionDate "2017.12.12"]
[SourceQuality "1"]
[WhiteTeam "Morning Glory"]
[BlackTeam "Legend Faraz Ayiaz"]
[WhiteTeamCountry "BAN"]
[BlackTeamCountry "BAN"]

1. e4 e5 2. Nf3 Nc6 3. Bb5 Bc5 4. 0-0 Nd4 5. Nxd4 Bxd4 6. c3 Bb6 7. d4 c6 8. Bc4 exd4 9. cxd4 Ne7 10. b3 0-0 11. Ba3 d6 12. Nc3 Kh8 13. Kh1 f5 14. e5 d5 15. Be2 f4 16. Na4 Rf7 17. Bh5 g6 18. Be2 Nf5 19. Nxb6 axb6 20. Bb2 Qh4 21. Kg1 Qg5 22. Bc1 Qh4 23. Bf3 Be6 24. b4 g5 25. h3 Nh6 26. Bh5 Rff8 27. Qf3 Bf5 28. Bg4 Nxg4 29. hxg4 Bxg4 30. g3 Qh5 31. Qh1 Qxh1+ 32. Kxh1 fxg3 33. Bxg5 Bf3+ 34. Kg1 g2 35. Rfe1 Rf5 36. Bf6+ Kg8 37. Re3 Kf7 38. Bh4 Ke6 39. Bg3 b5 40. a3 h5 41. Rc1 Raf8 42. Rcc3 Be4 43. Bh4 Rf4 44. Bf6 Rg8 45. Rg3 0-1

[Event "BAN-chT2"]
[Site "Dhaka"]
[Date "2016.11.09"]
[Round "7.3"]
[White "Uten"]
[Black "Ratan, Kumar Paul"]
[Result "1-0"]
[WhiteElo "2141"]
[BlackElo "1742"]
[PlyCount "75"]
[EventDate "2016.11.03"]
[EventType "team-swiss"]
[EventRounds "7"]
[EventCountry "BAN"]
[SourceTitle "CBM 175 Extra"]
[Source "ChessBase"]
[SourceDate "2016.12.12"]
[SourceVersion "1"]
[SourceVersionDate "2016.12.12"]
[SourceQuality "1"]
[WhiteTeam "Esoft Arena"]
[BlackTeam "Morning Glory"]
[WhiteTeamCountry "BAN"]
[BlackTeamCountry "BAN"]

1. Nf3 Nf6 2. d4 e6 3. g3 b6 4. Bg2 Bb7 5. 0-0 Be7 6. c4 0-0 7. Nc3 d6 8. Re1 c5 9. d5 e5 10. Qc2 Bc8 11. a3 Bg4 12. Nxe5 Qc8 13. Nxg4 Qxg4 14. e4 Nbd7 15. f4 Rab8 16. Qe2 Qxe2 17. Rxe2 a6 18. a4 Rfd8 19. Bh3 h5 20. e5 Ng4 21. Bxg4 hxg4 22. Bd2 f5 23. Rae1 Kf8 24. h3 gxh3 25. Rh2 g6 26. Rxh3 Kg7 27. Kg2 Re8 28. Kf3 Rbd8 29. g4 fxg4+ 30. Kxg4 Rh8 31. Rxh8 Kxh8 32. Ne4 dxe5 33. Bc3 Kg8 34. fxe5 b5 35. d6 b4 36. dxe7 Re8 37. e6 Nb6 38. Nf6+ 1-0